000 00492cam a2200157 a 4500
999 _c5613
_d5613
020 _a9781412904766 (pbk.)
050 0 0 _aHA29
_b.K854
100 1 _aKremelberg, David.
245 1 0 _aStudy guide to accompany Neil J. Salkind's Statistics for people who (think they) hate statistics, 4[th] edition /
_cDavid Kremelberg.
250 _a4 ed.
260 _aLos Angeles :
_bSAGE,
_cc2011.
300 _a124 p. :
_bill. ;
_c28 cm.
650 0 _aStatistics.
700 1 _aSelkind, Neil J.
942 _cBK